HANDBOOK OF CORPORATE FINANCE A BUSINESS (Record no. 19069)
[ view plain ]
| 000 -LEADER | |
|---|---|
| fixed length control field | 00398nam a2200145Ia 4500 |
| 008 - FIXED-LENGTH DATA ELEMENTS--GENERAL INFORMATION | |
| fixed length control field | 240624s9999 xx 000 0 und d |
| 041 ## - LANGUAGE CODE | |
| Language code of text/sound track or separate title | eng |
| 082 ## - DEWEY DECIMAL CLASSIFICATION NUMBER | |
| Classification number | 658.15224 ARN |
| 100 ## - MAIN ENTRY--PERSONAL NAME | |
| Personal name | ARNOLD GLEN |
| 245 ## - TITLE STATEMENT | |
| Title | HANDBOOK OF CORPORATE FINANCE A BUSINESS |
| 250 ## - EDITION STATEMENT | |
| Edition statement | (2nd ed.) |
| 260 ## - PUBLICATION, DISTRIBUTION, ETC. | |
| Date of publication, distribution, etc. | 2010 |
| Place of publication, distribution, etc. | London |
| Name of publisher, distributor, etc. | FT Prentice Hall Financial Times |
| 300 ## - PHYSICAL DESCRIPTION | |
| Extent | xxv, : 784 : p. : cm. ; 24 |
| 365 ## - TRADE PRICE | |
| Currency code | RS |
| Price amount | 30 |
| Withdrawn status | Lost status | Damaged status | Not for loan | Home library | Current library | Shelving location | Date acquired | Source of acquisition | Cost, normal purchase price | Full call number | Barcode | Date last seen | Copy number | Price effective from | Koha item type |
|---|---|---|---|---|---|---|---|---|---|---|---|---|---|---|---|
| IMTN | IMTN | Rack 25-A | 05/16/2012 | AP | 675.00 | 658.15224 ARN | 19069 | 06/24/2024 | 1 | 06/24/2024 | Books |